| Tag |
First Indicator |
Second Indicator |
Subfields |
| LEADER |
00000cam a2200000 a 4500 |
| 001 |
in00001402583 |
| 005 |
20151020055435.0 |
| 008 |
970820s1998 flu b 001 0 eng |
| 010 |
|
|
|a 97031438
|
| 020 |
|
|
|a 1575240416 (alk. paper)
|
| 035 |
|
|
|a (OCoLC)37527570
|
| 035 |
|
|
|9 AHN4472AM
|
| 040 |
|
|
|a DLC
|c DLC
|d TXA
|d UtOrBLW
|
| 043 |
|
|
|a n-us---
|
| 049 |
|
|
|a TXAM
|
| 050 |
0 |
0 |
|a E813
|b .D65 1998
|
| 082 |
0 |
0 |
|a 973.918
|2 21
|
| 100 |
1 |
|
|a Douglas, George H.,
|d 1934-
|
| 245 |
1 |
0 |
|a Postwar America :
|b 1948 and the incubation of our times /
|c George H. Douglas.
|
| 250 |
|
|
|a Original ed.
|
| 264 |
|
1 |
|a Malabar, Fla. :
|b Krieger Pub. Co.,
|c 1998.
|
| 300 |
|
|
|a xi, 295 pages ;
|c 23 cm.
|
| 336 |
|
|
|a text
|b txt
|2 rdacontent
|
| 337 |
|
|
|a unmediated
|b n
|2 rdamedia
|
| 338 |
|
|
|a volume
|b nc
|2 rdacarrier
|
| 504 |
|
|
|a Includes bibliographical references (pages [269]-282) and index.
|
| 651 |
|
0 |
|a United States
|x History
|y 1945-1953.
|
| 948 |
|
|
|a c:ktn
|
| 999 |
|
|
|a MARS
|
| 999 |
f |
f |
|s ce6b344c-96cf-347b-bce7-8bd5a00baf9a
|i 508dc7f9-8fda-3a4a-b468-195affeeea9b
|t 0
|
| 952 |
f |
f |
|p normal
|a Texas A&M University
|b College Station
|c Sterling C. Evans Library
|d Evans: Library Stacks
|t 0
|e E813 .D65 1998
|h Library of Congress classification
|i unmediated -- volume
|m A14823355803
|
| 998 |
f |
f |
|a E813 .D65 1998
|t 0
|l Evans: Library Stacks
|